| 000 | 00636nam a2200217 a 4500 | ||
|---|---|---|---|
| 001 | 59257 | ||
| 003 | BD-RjUL | ||
| 005 | 20211209080717.0 | ||
| 008 | 161222s1960 nyua 000 0 eng | ||
| 035 | _a(BD-RjUL)59381 | ||
| 040 |
_aDLC _cWSU _dSER _dUKM _dEQO _beng |
||
| 041 | _aeng | ||
| 082 |
_a330.973 _bMAR 1960 |
||
| 245 | 1 | 0 |
_aMarkets of the sixties / _cby the editors of Fortune. |
| 260 |
_aNew York : _bHarper, _cc1960 |
||
| 300 |
_a266 p. : _bill. ; _c25 cm. |
||
| 651 | 0 |
_aUnited States _xEconomic conditions _y1945- _9172688 |
|
| 651 | 0 |
_aUnited States _xSocial conditions. _9170756 |
|
| 942 |
_2ddc _cBK |
||
| 999 |
_c59257 _d59257 |
||